Word Ladder: Sports Movies Quiz Stats

 Plays Quiz Updated Jul 22, 2018

Challenge
Share
Tweet
Embed
Score 0/64 Timer 09:00
0 Plays Today
Hint 4-Letter Word % Correct
Semi-Pro and Blades of Glory actor FerrellWILL
91.3%
Wizard's batonWAND
91.1%
Natural movement of the airWIND
90.3%
★1994 Nick Nolte basketball film: ____ [64]s★
or A primary color
•BLUE•
90%
Suddenly end a fly's lifeSWAT
87.9%
Miami NBA teamHEAT
87.1%
5,280 feetMILE
87%
Walking stickCANE
86.9%
Australian actress BlanchettCATE
86.5%
★1986 Goldie Hawn football film: ____[40]★•WILD•
86.1%
Sink one's teeth intoBITE
85.9%
Exchange, tradeSWAP
85.7%
Use all available spaceFILL
85%
MLB wooden sticksBATS
84.9%
Small pieces of somethingBITS
84.1%
Narrow coin openingSLOT
83.5%
Road construction markerCONE
83.1%
★1977 Paul Newman hockey film:[5] ____•SHOT•
82.7%
Spanish automakerSEAT
81.4%
★1986 Goldie Hawn football film: [16]____•CATS•
81%
Boutique, emporiumSHOP
80.6%
Gymnast's balancing structureBEAM
80.6%
Mountain topPEAK
80.1%
Knifehand strike in karateCHOP
79.9%
Dreadfully dull personBORE
79.8%
Secret plan; conspiracyPLOT
78.5%
★1977 Paul Newman hockey film: ____ [61]★•SLAP•
77.6%
Long-winged, web-footed seabird GULL
76.5%
★1994 Nick Nolte basketball film: [1] ____s★
or Wafer of potato or silicon
•CHIP•
76.5%
★2002 Riley Smith football film: ____ [35]★•FULL•
72.7%
What bull would like to do to bullfighterGORE
71.9%
Heavy Southeast Asian woodTEAK
71.3%
Hint 4-Letter Word % Correct
Longtime Steelers' wide receiver HinesWARD
70.8%
Make annoyed or irritatedRILE
70.1%
Major tennis racquet companyHEAD
69.9%
★1998 Steve Guttenberg soccer film: [25] ____•TEAM•
68.7%
★1987 William Petersen baseball film: [28] ____•GONE•
68.2%
Tree trunkBOLE
68%
Cotton seed capsuleBOLL
67.6%
★2001 Keanu Reeves baseball film: [12]____•BALL•
66.4%
What may be blue in ice hockeyLINE
64.7%
With 'Thundering,' Marshall mascot nameHERD
64%
★2001 Keanu Reeves baseball film: ____[49]★•HARD•
63.1%
Bold, impudent behaviorGALL
62.5%
Make map of proposed construction sitePLAT
61.7%
Wait, tarryBIDE
58.7%
John Reid's Ranger statusLONE
57.2%
★2002 Riley Smith football film: [19] ____•RIDE•
54.6%
Turn or slide violently SLUE
51.4%
★2007 Dwayne Johnson football film: The [23] ____PLAN
51.2%
★1987 William Petersen baseball film: ____ [44]★•LONG•
46.2%
Capital of TogoLOMÉ
46.1%
Pitcher's rubber on moundSLAB
45.5%
Gold-spotted black furPEAN
45%
★2002 Lil' Bow Wow basketball film: [31] ____•MIKE•
43%
★2002 Lil' Bow Wow basketball film: ____ [32]★•LIKE•
43%
Atlantic cod-like fishLING
42.7%
Noisy outburst of laughterGALE
42%
Thick nub in yarn SLUB
40.6%
★2007 Dwayne Johnson football film: The ____ [57]★•GAME•
39.1%
God of Elijah's Mt. Carmel opponentsBA'AL
38.5%
To swell and become infected BEAL
38.4%
★1998 Steve Guttenberg soccer film: ____ [53]★•HOME•
36.5%
Trace fastener on draft horse collarHAME
27.2%

Today's Daily Dose

You're not logged in!

Compare scores with friends on all Sporcle quizzes.
Join for Free
OR
Log In

You Might Also Like...

Show Comments

Extras

Top Quizzes Today


Score Distribution

Your Account Isn't Verified!

In order to create a playlist on Sporcle, you need to verify the email address you used during registration. Go to your Sporcle Settings to finish the process.

Report this User

Report this user for behavior that violates our Community Guidelines.

Details: